000 01055nam a2200241 a 4500
001 74212
003 BD-RjUL
005 20211209082519.0
008 180402t20142002bg ||||| b||| 00| 0 ben d
020 _a9789845061834
_cTk.250.00
035 _a(BD-RjUL)74430
040 _aBD-RjUL
_beng
_cBD-RjUL
041 _aben
082 _223
_a891.44143554
_bRAR 2019
100 1 _aরহমান, মুহম্মদ হাবিবুর
_9220875
245 1 0 _aরবীন্দ্র - রচনায় আইনি ভাবনা /
_c মুহম্মদ হাবিবুর রহমান,
260 _aঢাকা :
_bদি ইউনিভার্সিটি প্রেস ,
_c২০০২ [মুদ্রণ ২০১৪, ২০১৯ ]
300 _a[৭] , ১৪৭ পৃ. ;
_c২২ সেমি.
504 _aগ্রন্থপঞ্জি সংযোজিত
650 _aবাংলা সাহিত্য
_vআইনি ভাবনা
_9220876
650 _aBengali Literature
_vLegal idea
_9220877
942 _2ddc
_cBK
999 _c74212
_d74212